000 00806nam a2200217 i 4500
001 13224
003 ES-MaACL
005 20230906150527.0
007 t|
008 950530s1994 sp a |||| | spa j
080 _a821.134.2-1"19"(082.2)
245 0 0 _aPremios Searus 1993
_b: XVI Certamen de Poesía /
_cprólogo, Francisco Caballero Galván ; ilustraciones, Emilio Gassin Bohórquez.
260 _a[Sevilla] :
_bAsociación Cultural Searus :
_bAteneo de Los Palacios,
_c[1994]
300 _a67 p :
_bil ;
_c17 cm.
650 4 _aPoesías españolas-
_yS.XX.
_916221
700 1 _aGassin Bohórquez, Emilio.
_955914
700 1 _aCaballero Galván, Francisco.
_933106
710 2 _aAsociación Cultural Searus.
_91547
710 2 _aAteneo de Los Palacios (Sevilla)
_91873
852 _aES-MaACL
_jL-20551
999 _c13224
_d13224